000 00365nam a2200157Ia 4500
003 OSt
008 191201s1971 xx 000 0 und d
082 _a621.381
_bGRA
100 _aGRAF, Rudolf F
245 0 _aABC of Electronic Test Probes
250 _a1st
260 _aBombay
_bD.B Taraporevala
_c1971
300 _a128
650 _aB.Tech(ECE)
942 _2ddc
_cBK
999 _c614
_d614